[Event "Titled Tuesday intern op 16th Jan Late"]
[Site "Chess.com INT"]
[Date "2024.01.16"]
[Round "2"]
[White "Bryant, Todd C"]
[Black "Baches Garcia, Guillermo"]
[Result "0-1"]
[WhiteElo "2084"]
[BlackElo "2327"]
[PlyCount "105"]
[EventDate "2024.01.16"]
[EventType "swiss (blitz)"]
[EventRounds "11"]
[EventCountry "USA"]
[SourceTitle "CB04_2024"]
[SourceDate "2023.10.16"]
[SourceVersion "1"]
[SourceVersionDate "2023.10.16"]
[SourceQuality "1"]

1. e4 d5 2. exd5 Qxd5 3. Nc3 Qa5 4. d4 Nf6 5. Bd2 Bg4 6. f3 Bd7 7. Bc4 Qb6 8. Nge2 e6 9. 0-0 Be7 10. Kh1 0-0 11. Ne4 Bc6 12. Bd3 Nbd7 13. c4 Qxb2 14. Bc3 Qa3 15. Qc2 Bb4 16. Bb2 Qa4 17. Qc1 Be7 18. N2c3 Qa5 19. Qc2 Rad8 20. Rfd1 h6 21. Nxf6+ Nxf6 22. Ne4 Nxe4 23. fxe4 Ba3 24. d5 Ba4 25. Qf2 Bxb2 26. Qxb2 Bxd1 27. Rxd1 b6 28. Qe2 Qc5 29. Qf3 e5 30. Rf1 Qd6 31. Qh5 Qg6 32. Qh3 Rd6 33. Rf5 Rf6 34. g4 Rxf5 35. exf5 Qg5 36. Qg3 Re8 37. Kg2 e4 38. Be2 Qe7 39. h4 Qe5 40. Kh3 Qxg3+ 41. Kxg3 f6 42. Kf4 Kf8 43. Ke3 Re5 44. Bf1 Ke7 45. Bg2 Kd6 46. Bxe4 Kc5 47. Kd3 Kb4 48. Kd4 a5 49. h5 a4 50. Kd3 Ka3 51. Kd4 Kxa2 52. c5 bxc5+ 53. Kxc5 0-1

[Event "Titled Tuesday intern op 29th Aug Late"]
[Site "Chess.com INT"]
[Date "2023.08.29"]
[Round "4"]
[White "Bryant, Todd C"]
[Black "Martinez Reyes, Pedro Ramon"]
[Result "0-1"]
[WhiteElo "2106"]
[BlackElo "2354"]
[PlyCount "146"]
[EventDate "2023.08.29"]
[EventType "swiss (blitz)"]
[EventRounds "11"]
[EventCountry "USA"]
[SourceTitle "EXT 2024"]
[Source "ChessBase"]
[SourceDate "2023.10.10"]
[SourceVersion "1"]
[SourceVersionDate "2023.10.10"]
[SourceQuality "1"]

1. e4 c5 2. Nf3 Nc6 3. d4 cxd4 4. Nxd4 e5 5. Nb5 d6 6. N1c3 a6 7. Na3 b5 8. Nd5 Be6 9. Be3 Rb8 10. c4 b4 11. Nc2 Nf6 12. f3 Be7 13. Be2 0-0 14. 0-0 Nd7 15. b3 Bg5 16. Bf2 Nc5 17. Nce3 Nd4 18. Nc2 Nc6 19. Qe1 a5 20. Rd1 Re8 21. h4 Be7 22. g4 Bf8 23. g5 Qc8 24. Be3 a4 25. bxa4 Nxa4 26. Ncxb4 Nxb4 27. Nxb4 Qb7 28. Nd5 Qb2 29. Rd2 Qb7 30. Qg3 Nc5 31. Bxc5 dxc5 32. Rfd1 Ra8 33. h5 Be7 34. Nf6+ Kh8 35. Nxe8 Rxe8 36. Qxe5 Kg8 37. h6 Bf8 38. Qf4 Qa8 39. Bf1 Qc8 40. e5 Kh8 41. Rd6 gxh6 42. gxh6 Be7 43. R1d2 Rg8+ 44. Rg2 Rg6 45. Rxg6 hxg6 46. Qd2 Kh7 47. Bg2 Bf8 48. f4 Bxh6 49. Rd8 Qa6 50. Qd6 Bxf4 51. Qf8 Bxe5 52. Qg8+ Kh6 53. Rd3 Qxc4 54. Qf8+ Bg7 55. Qd6 Qc1+ 56. Rd1 Qe3+ 57. Kf1 Be5 58. Qd2 Bc4+ 59. Qd3 Bxd3+ 60. Rxd3 Qxd3+ 61. Kf2 Qd2+ 62. Kg1 Qxa2 63. Kh1 c4 64. Kg1 c3 65. Kh1 c2 66. Kg1 c1Q+ 67. Bf1 Qxf1+ 68. Kxf1 g5 69. Kg1 g4 70. Kf1 Kg5 71. Kg1 Kf4 72. Kf1 Kf3 73. Kg1 Qg2# 0-1

[Event "Titled Tuesday intern op 29th Aug Late"]
[Site "Chess.com INT"]
[Date "2023.08.29"]
[Round "7"]
[White "Bryant, Todd C"]
[Black "Narva, Triin"]
[Result "1-0"]
[WhiteElo "2106"]
[BlackElo "2069"]
[PlyCount "57"]
[EventDate "2023.08.29"]
[EventType "swiss (blitz)"]
[EventRounds "11"]
[EventCountry "USA"]
[SourceTitle "EXT 2024"]
[Source "ChessBase"]
[SourceDate "2023.10.10"]
[SourceVersion "1"]
[SourceVersionDate "2023.10.10"]
[SourceQuality "1"]

1. e4 g6 2. d4 Bg7 3. Nc3 d6 4. Be3 Nf6 5. Qd2 Ng4 6. Bg5 h6 7. Bh4 Nd7 8. 0-0-0 c5 9. Nge2 a6 10. f3 Ngf6 11. dxc5 Nxc5 12. e5 Nfd7 13. exd6 g5 14. dxe7 Qxe7 15. Bg3 Ne5 16. Nd5 Qd7 17. Qe3 Qd6 18. Nec3 0-0 19. h4 Re8 20. Ne4 Nxe4 21. fxe4 Bg4 22. Be2 Bxe2 23. Qxe2 gxh4 24. Rxh4 Qc6 25. Bxe5 Rxe5 26. Rg4 Kh7 27. Qd3 Rc8 28. c3 Rd8 29. Rh1 1-0

[Event "Titled Tuesday intern op 29th Aug Late"]
[Site "Chess.com INT"]
[Date "2023.08.29"]
[Round "8"]
[White "Bryant, Todd C"]
[Black "Yedidia, Jonathan"]
[Result "0-1"]
[WhiteElo "2106"]
[BlackElo "2360"]
[PlyCount "134"]
[EventDate "2023.08.29"]
[EventType "swiss (blitz)"]
[EventRounds "11"]
[EventCountry "USA"]
[SourceTitle "EXT 2024"]
[Source "ChessBase"]
[SourceDate "2023.10.10"]
[SourceVersion "1"]
[SourceVersionDate "2023.10.10"]
[SourceQuality "1"]

1. e4 e5 2. f4 d5 3. exd5 exf4 4. Nf3 Nf6 5. Nc3 Nxd5 6. Nxd5 Qxd5 7. d4 Nc6 8. Bxf4 Bg4 9. Bxc7 Bxf3 10. Qxf3 Qxf3 11. gxf3 Nxd4 12. 0-0-0 Rc8 13. Rxd4 Rxc7 14. Bb5+ Ke7 15. Re1+ Kf6 16. Rf4+ Kg5 17. Rg4+ Kf6 18. Rf4+ Kg5 19. Rd4 g6 20. h4+ Kf6 21. h5 Bh6+ 22. Kb1 Rc5 23. Rd6+ Kg7 24. Bd3 Rxh5 25. a4 Rh4 26. b3 Bd2 27. Re2 Bc3 28. Ka2 Rh1 29. b4 Bxb4 30. Rd7 Bc3 31. Kb3 Bf6 32. Kc4 Rc8+ 33. Kd5 Rh5+ 34. Ke4 Re8+ 35. Kf4 Rxe2 36. Bxe2 Ra5 37. Bc4 Rxa4 38. Rxf7+ Kh6 39. Rxf6 Rxc4+ 40. Kg3 Rxc2 41. Rf7 Rb2 42. Rc7 a5 43. Rc5 a4 44. Ra5 Rb4 45. Kf2 b5 46. Ke2 Rb3 47. Kf2 a3 48. Kg3 b4 49. Kg4 Rb2 50. f4 a2 51. Ra4 b3 52. Ra6 Rb1 53. f5 a1Q 54. Re6 Rg1+ 55. Kf4 Qd4+ 56. Re4 Qf2+ 57. Ke5 Qc5+ 58. Ke6 Qxf5+ 59. Kd6 Qxe4 60. Kc5 Qe5+ 61. Kb6 Rg5 62. Kb7 Qb5+ 63. Kc8 Rd5 64. Kc7 Qc5+ 65. Kb8 Rd8+ 66. Kb7 Rd7+ 67. Ka6 Ra7# 0-1

[Event "Titled Tuesday intern op 29th Aug Late"]
[Site "Chess.com INT"]
[Date "2023.08.29"]
[Round "5"]
[White "Ghasi, Ameet K"]
[Black "Bryant, Todd C"]
[Result "1-0"]
[WhiteElo "2506"]
[BlackElo "2106"]
[PlyCount "97"]
[EventDate "2023.08.29"]
[EventType "swiss (blitz)"]
[EventRounds "11"]
[EventCountry "USA"]
[SourceTitle "EXT 2024"]
[Source "ChessBase"]
[SourceDate "2023.10.10"]
[SourceVersion "1"]
[SourceVersionDate "2023.10.10"]
[SourceQuality "1"]

1. b3 e5 2. Bb2 Nc6 3. e3 d5 4. Bb5 Nge7 5. Nf3 a6 6. Bxc6+ Nxc6 7. Nxe5 Nxe5 8. Bxe5 Qg5 9. Bg3 h5 10. h4 Qg6 11. Nc3 c6 12. Ne2 Bd6 13. Bxd6 Qxd6 14. d3 Bg4 15. Qd2 0-0-0 16. f3 Bf5 17. 0-0-0 Qa3+ 18. Kb1 c5 19. Rhe1 Kb8 20. Qc1 Qb4 21. e4 dxe4 22. dxe4 Be6 23. Qe3 c4 24. Qc3 Qb6 25. Qxg7 cxb3 26. axb3 Bxb3 27. Qb2 Qf2 28. cxb3 Rhg8 29. Nc3 Qxh4 30. Nd5 Qg5 31. Re2 h4 32. Red2 Rh8 33. Qd4 h3 34. f4 Qh5 35. gxh3 Qh4 36. Qe5+ Ka7 37. Qd4+ Kb8 38. Qb6 f6 39. Rd4 Ka8 40. Rb4 Rd7 41. Nc7+ Rxc7 42. Qxc7 Rb8 43. Qb6 Qxf4 44. Qd4 Qc7 45. Rb6 Qc8 46. Rd6 Qc7 47. Rd8 Qc6 48. Qd6 Qc3 49. Qxb8# 1-0

[Event "Titled Tuesday intern op 29th Aug Late"]
[Site "Chess.com INT"]
[Date "2023.08.29"]
[Round "11"]
[White "Quirke, Jeffrey"]
[Black "Bryant, Todd C"]
[Result "0-1"]
[WhiteElo "2005"]
[BlackElo "2106"]
[PlyCount "84"]
[EventDate "2023.08.29"]
[EventType "swiss (blitz)"]
[EventRounds "11"]
[EventCountry "USA"]
[SourceTitle "EXT 2024"]
[Source "ChessBase"]
[SourceDate "2023.10.10"]
[SourceVersion "1"]
[SourceVersionDate "2023.10.10"]
[SourceQuality "1"]

1. e4 c5 2. Nc3 d6 3. f4 g6 4. Nf3 Bg7 5. Bb5+ Bd7 6. a4 Nc6 7. d3 e6 8. e5 d5 9. 0-0 Nge7 10. Ne2 a6 11. Bxc6 Bxc6 12. a5 0-0 13. c3 f6 14. d4 cxd4 15. Nexd4 Qc8 16. exf6 Bxf6 17. Re1 Bd7 18. Qe2 Re8 19. Ng5 Nf5 20. Nxf5 exf5 21. Qd1 Qc5+ 22. Kh1 Rxe1+ 23. Qxe1 Re8 24. Qd1 Bc6 25. Nf3 Re4 26. Bd2 d4 27. Qg1 Re2 28. Re1 Qe7 29. Rxe2 Qxe2 30. Qe1 Bxf3 31. gxf3 Qxf3+ 32. Kg1 Qe4 33. Qxe4 fxe4 34. cxd4 Bxd4+ 35. Kg2 Bxb2 36. Be3 Bc3 37. Bb6 Kf7 38. Kf2 Ke6 39. Ke3 Kf5 40. h3 Bb2 41. Bc7 Bc1+ 42. Ke2 Bxf4 0-1

[Event "Titled Tuesday intern op 15th Aug Late"]
[Site "Chess.com INT"]
[Date "2023.08.15"]
[Round "8"]
[White "Bryant, Todd C"]
[Black "Hirneise, Jens"]
[Result "0-1"]
[WhiteElo "2106"]
[BlackElo "2277"]
[PlyCount "126"]
[EventDate "2023.08.15"]
[EventType "swiss (blitz)"]
[EventRounds "11"]
[EventCountry "USA"]
[SourceTitle "EXT 2024"]
[Source "ChessBase"]
[SourceDate "2023.10.10"]
[SourceVersion "1"]
[SourceVersionDate "2023.10.10"]
[SourceQuality "1"]

1. e4 d5 2. exd5 Qxd5 3. Nc3 Qa5 4. d4 Nf6 5. Bd2 c6 6. Bc4 Bg4 7. f3 Bd7 8. Qe2 Qc7 9. g4 b5 10. Bb3 b4 11. Ne4 Nxe4 12. Qxe4 e6 13. Ne2 Bd6 14. Bf4 a5 15. Bxd6 Qxd6 16. Ng3 0-0 17. Bc4 Na6 18. Bd3 f5 19. gxf5 exf5 20. Qh4 Rae8+ 21. Kf1 Nc7 22. Rg1 Kh8 23. Nh5 Rf7 24. Re1 Rxe1+ 25. Kxe1 Qe7+ 26. Qxe7 Rxe7+ 27. Kd2 Nd5 28. c3 g6 29. Ng3 Nf4 30. Bc4 Kg7 31. a3 bxa3 32. bxa3 h5 33. Rb1 h4 34. Ne2 Nxe2 35. Bxe2 Be6 36. Rb6 Rc7 37. Ra6 Rb7 38. Kc2 a4 39. c4 Rb3 40. Rxa4 Re3 41. Kd2 f4 42. Ra6 Rxe2+ 43. Kc3 Re3+ 44. Kb4 Rxf3 45. Rxc6 Bf5 46. d5 Rd3 47. d6 f3 48. Rc7+ Kf6 49. Re7 Rxd6 50. Re3 Bg4 51. c5 Rd4+ 52. Kb5 Rd1 53. Kc6 f2 54. Re8 Bf5 55. Rf8+ Kg5 56. Rb8 f1Q 57. Rb4 Qf3+ 58. Kb6 Rc1 59. c6 Qxc6+ 60. Ka7 Rc5 61. Rb6 Ra5+ 62. Kb8 Rb5 63. Rb7 Qxb7# 0-1

[Event "Titled Tuesday intern op 15th Aug Late"]
[Site "Chess.com INT"]
[Date "2023.08.15"]
[Round "2"]
[White "Bryant, Todd C"]
[Black "Veiga, Jose Francisco RP"]
[Result "0-1"]
[WhiteElo "2106"]
[BlackElo "2389"]
[PlyCount "60"]
[EventDate "2023.08.15"]
[EventType "swiss (blitz)"]
[EventRounds "11"]
[EventCountry "USA"]
[SourceTitle "EXT 2024"]
[Source "ChessBase"]
[SourceDate "2023.10.10"]
[SourceVersion "1"]
[SourceVersionDate "2023.10.10"]
[SourceQuality "1"]

1. e4 Nc6 2. Nf3 d6 3. d4 Nf6 4. Nc3 g6 5. h3 Bg7 6. Be3 a6 7. Qd2 b5 8. Bd3 Bb7 9. 0-0-0 Nd7 10. Ne2 e5 11. d5 Ne7 12. Kb1 Nb6 13. h4 h6 14. g4 c5 15. dxc6 Bxc6 16. Nh2 d5 17. Bxb6 Qxb6 18. exd5 Nxd5 19. Rhe1 Qxf2 20. Be4 Rd8 21. Nf1 0-0 22. h5 Nc3+ 23. Qxc3 Rxd1+ 24. Rxd1 Bxe4 25. Nfg3 Bb7 26. hxg6 fxg6 27. Qc7 Rf7 28. Qb8+ Kh7 29. a4 Bf3 30. Qa8 Bxa8 0-1

[Event "Titled Tuesday intern op 16th May Late"]
[Site "Chess.com INT"]
[Date "2023.05.16"]
[Round "1"]
[White "Amburgy, Ryan"]
[Black "Bryant, Todd C"]
[Result "1-0"]
[WhiteElo "2246"]
[BlackElo "2075"]
[PlyCount "65"]
[EventDate "2023.05.16"]
[EventType "swiss (blitz)"]
[EventRounds "11"]
[EventCountry "USA"]
[SourceTitle "CBM 214 Extra"]
[Source "ChessBase"]
[SourceDate "2023.07.31"]
[SourceVersion "1"]
[SourceVersionDate "2023.07.31"]
[SourceQuality "1"]

1. d4 Nf6 2. c4 g6 3. Nc3 Bg7 4. e4 d6 5. Nf3 0-0 6. Be2 e5 7. Be3 Ng4 8. Bg5 f6 9. Bh4 Nc6 10. d5 Ne7 11. Nd2 Nh6 12. f3 g5 13. Bf2 f5 14. c5 f4 15. Nc4 Kh8 16. Rc1 Ng6 17. cxd6 cxd6 18. Nb5 Rf6 19. Nxa7 Bd7 20. Nb6 Rxa7 21. Nxd7 Rxa2 22. Nxf6 Bxf6 23. Qb3 Qa5+ 24. Qc3 Qa4 25. 0-0 g4 26. Qc8+ Ng8 27. Qxb7 g3 28. hxg3 fxg3 29. Bxg3 Bg5 30. Rc7 N6e7 31. Bf2 Qa5 32. Bc4 Qd2 33. Bxa2 1-0

[Event "Titled Tuesday intern op 16th May Late"]
[Site "Chess.com INT"]
[Date "2023.05.16"]
[Round "2"]
[White "Bryant, Todd C"]
[Black "Ivanisevic, Ivan"]
[Result "0-1"]
[WhiteElo "2075"]
[BlackElo "2532"]
[PlyCount "30"]
[EventDate "2023.05.16"]
[EventType "swiss (blitz)"]
[EventRounds "11"]
[EventCountry "USA"]
[SourceTitle "CBM 214 Extra"]
[Source "ChessBase"]
[SourceDate "2023.07.31"]
[SourceVersion "1"]
[SourceVersionDate "2023.07.31"]
[SourceQuality "1"]

1. e4 e5 2. f4 c6 3. Nf3 d5 4. exd5 e4 5. Ne5 cxd5 6. Bb5+ Nd7 7. Qh5 g6 8. Nxg6 fxg6 9. Qe5+ Qe7 10. Qxh8 Ngf6 11. Nc3 a6 12. Be2 b5 13. f5 Bb7 14. fxg6 0-0-0 15. gxh7 Bg7 0-1

[Event "Titled Tuesday intern op 16th May Late"]
[Site "Chess.com INT"]
[Date "2023.05.16"]
[Round "4"]
[White "Bryant, Todd C"]
[Black "Winkels, Marcel"]
[Result "1-0"]
[WhiteElo "2075"]
[BlackElo "1960"]
[PlyCount "61"]
[EventDate "2023.05.16"]
[EventType "swiss (blitz)"]
[EventRounds "11"]
[EventCountry "USA"]
[SourceTitle "CBM 214 Extra"]
[Source "ChessBase"]
[SourceDate "2023.07.31"]
[SourceVersion "1"]
[SourceVersionDate "2023.07.31"]
[SourceQuality "1"]

1. e4 Nf6 2. e5 Nd5 3. d4 d6 4. c4 Nb6 5. f4 g6 6. Nf3 Bg7 7. Nc3 0-0 8. h4 h5 9. Ng5 dxe5 10. fxe5 c5 11. e6 Bxe6 12. Nxe6 fxe6 13. d5 exd5 14. Nxd5 Nxd5 15. cxd5 Qd6 16. Qd3 Nd7 17. Bd2 Bxb2 18. Rb1 Bd4 19. Rxb7 Qxd5 20. Qxg6+ Bg7 21. Rxd7 Qxa2 22. Rxe7 Qa1+ 23. Ke2 Rad8 24. Qxg7+ Qxg7 25. Rxg7+ Kxg7 26. Bc3+ Kh7 27. Ke3 Rde8+ 28. Kd2 Rd8+ 29. Bd3+ Kh6 30. Ke2 Rfe8+ 31. Kd2 1-0

[Event "Titled Tuesday intern op 16th May Late"]
[Site "Chess.com INT"]
[Date "2023.05.16"]
[Round "6"]
[White "Seletsky, Grigory"]
[Black "Bryant, Todd C"]
[Result "0-1"]
[WhiteElo "2259"]
[BlackElo "2075"]
[PlyCount "130"]
[EventDate "2023.05.16"]
[EventType "swiss (blitz)"]
[EventRounds "11"]
[EventCountry "USA"]
[SourceTitle "CBM 214 Extra"]
[Source "ChessBase"]
[SourceDate "2023.07.31"]
[SourceVersion "1"]
[SourceVersionDate "2023.07.31"]
[SourceQuality "1"]

1. e4 c5 2. Nf3 d6 3. c3 Nf6 4. Bd3 e5 5. 0-0 g5 6. Bb5+ Nc6 7. d3 g4 8. Bxc6+ bxc6 9. Nfd2 h5 10. f4 exf4 11. Rxf4 Bh6 12. Rf1 Be3+ 13. Kh1 g3 14. Nc4 Ng4 15. h3 Nf2+ 16. Rxf2 Bxf2 17. Bf4 Qh4 18. Nxd6+ Kf8 19. Nxc8 Qxf4 20. Na3 Rxc8 21. Qa4 Qd6 22. Rd1 Rc7 23. Nc4 Qd8 24. Ne5 Rh6 25. Qc4 Re6 26. Nf3 Rd7 27. e5 Rd5 28. Qe4 Qc7 29. d4 cxd4 30. cxd4 Rexe5 31. Nxe5 Qxe5 32. Qh7 Qe6 33. Qh8+ Ke7 34. b3 Kd7 35. Qb8 Qd6 36. Qxa7+ Qc7 37. Qa8 Rxd4 38. Rf1 Qd6 39. Qg8 Rd1 40. Qxf7+ Kc8 41. Qf5+ Kb7 42. Qf7+ Kb6 43. Qc4 Rxf1+ 44. Qxf1 Qe5 45. Qd1 Qe1+ 46. Qxe1 Bxe1 47. Kg1 Bf2+ 48. Kf1 Kb5 49. Ke2 Kb4 50. Kd3 Ka3 51. Kc4 Kxa2 52. b4 Ka3 53. b5 cxb5+ 54. Kxb5 Kb3 55. Kc6 Kc3 56. Kd5 Kd3 57. Ke5 Ke3 58. Kf5 Ke2 59. Kg5 Kf1 60. Kxh5 Kxg2 61. Kg4 Bd4 62. h4 Kf2 63. h5 g2 64. h6 g1Q+ 65. Kh5 Be3 0-1

[Event "Titled Tuesday intern op 09th May Late"]
[Site "Chess.com INT"]
[Date "2023.05.09"]
[Round "4"]
[White "Bryant, Todd C"]
[Black "Dyachuk, Artem"]
[Result "1-0"]
[WhiteElo "2075"]
[BlackElo "2312"]
[PlyCount "105"]
[EventDate "2023.05.09"]
[EventType "swiss (blitz)"]
[EventRounds "11"]
[EventCountry "USA"]
[SourceTitle "CBM 214 Extra"]
[Source "ChessBase"]
[SourceDate "2023.07.31"]
[SourceVersion "1"]
[SourceVersionDate "2023.07.31"]
[SourceQuality "1"]

1. e4 c5 2. Nf3 e6 3. d4 cxd4 4. Nxd4 Nc6 5. Nc3 Nf6 6. Ndb5 Bb4 7. a3 Bxc3+ 8. Nxc3 0-0 9. Bd3 d5 10. exd5 exd5 11. 0-0 Bg4 12. f3 Bh5 13. Bg5 Ne5 14. Bxf6 Qxf6 15. Nxd5 Qd6 16. Kh1 Rad8 17. c4 b5 18. b3 bxc4 19. bxc4 Qc5 20. Qe2 Rfe8 21. Qc2 Nxd3 22. Qxd3 Bg6 23. Qb3 Re2 24. Rfe1 Qd4 25. Rad1 h5 26. Rxe2 Qc5 27. Ne7+ Kh7 28. Rxd8 Qg5 29. Rd1 h4 30. Nxg6 fxg6 31. Qe3 Qf5 32. Qe4 Qh5 33. Rd5 Qh6 34. Qe3 g5 35. Qxg5 h3 36. Qxh6+ Kxh6 37. gxh3 g6 38. Rd6 a6 39. Rxg6+ Kxg6 40. Re5 Kf6 41. f4 a5 42. Kg2 a4 43. Kf3 Kg6 44. Kg4 Kf6 45. Kf3 Kg6 46. Ke4 Kf6 47. Kd5 Kg6 48. Ke6 Kh6 49. Rg5 Kh7 50. Kf6 Kh6 51. Kf7 Kh7 52. Rg6 Kh8 53. Rh6# 1-0

[Event "Titled Tuesday intern op 02nd May Late"]
[Site "Chess.com INT"]
[Date "2023.05.02"]
[Round "9"]
[White "Bryant, Todd C"]
[Black "Graif, William"]
[Result "1-0"]
[WhiteElo "2075"]
[BlackElo "2304"]
[PlyCount "35"]
[EventDate "2023.05.02"]
[EventType "swiss (blitz)"]
[EventRounds "11"]
[EventCountry "USA"]
[SourceTitle "EXT 2024"]
[Source "ChessBase"]
[SourceDate "2023.10.10"]
[SourceVersion "1"]
[SourceVersionDate "2023.10.10"]
[SourceQuality "1"]

1. e4 e5 2. f4 d5 3. exd5 c6 4. Nc3 exf4 5. Nf3 Nf6 6. d4 Bd6 7. Bc4 0-0 8. dxc6 Re8+ 9. Ne2 Nxc6 10. 0-0 Bg4 11. c3 Nh5 12. Qb3 Qc7 13. Qc2 Rac8 14. Ng5 Nf6 15. Bxf7+ Kh8 16. Nxf4 Re7 17. Qxh7+ Nxh7 18. Ng6# 1-0

[Event "Titled Tuesday intern op 02nd May Late"]
[Site "Chess.com INT"]
[Date "2023.05.02"]
[Round "3"]
[White "Bryant, Todd C"]
[Black "Ng, Gary"]
[Result "1-0"]
[WhiteElo "2075"]
[BlackElo "2213"]
[PlyCount "37"]
[EventDate "2023.05.02"]
[EventType "swiss (blitz)"]
[EventRounds "11"]
[EventCountry "USA"]
[SourceTitle "EXT 2024"]
[Source "ChessBase"]
[SourceDate "2023.10.10"]
[SourceVersion "1"]
[SourceVersionDate "2023.10.10"]
[SourceQuality "1"]

1. e4 c6 2. d4 d5 3. f3 dxe4 4. fxe4 e5 5. Nf3 exd4 6. Bc4 Nf6 7. 0-0 Bc5 8. Ng5 0-0 9. Nxf7 Rxf7 10. Bxf7+ Kxf7 11. e5 d3+ 12. Kh1 Qd5 13. exf6 dxc2 14. Qxc2 g6 15. Nc3 Qc4 16. Rf4 Qe6 17. Ne4 Qd5 18. Qxc5 Qd1+ 19. Qg1 1-0

[Event "Titled Tuesday intern op 02nd May Late"]
[Site "Chess.com INT"]
[Date "2023.05.02"]
[Round "1"]
[White "Sai, Krishna GV"]
[Black "Bryant, Todd C"]
[Result "1-0"]
[WhiteElo "2384"]
[BlackElo "2075"]
[PlyCount "31"]
[EventDate "2023.05.02"]
[EventType "swiss (blitz)"]
[EventRounds "11"]
[EventCountry "USA"]
[SourceTitle "EXT 2024"]
[Source "ChessBase"]
[SourceDate "2023.10.10"]
[SourceVersion "1"]
[SourceVersionDate "2023.10.10"]
[SourceQuality "1"]

1. d4 Nf6 2. Nc3 d5 3. Qd3 g6 4. Bg5 Bg7 5. 0-0-0 0-0 6. e4 dxe4 7. Nxe4 Bf5 8. Bxf6 exf6 9. Qf3 c6 10. g4 Be6 11. h4 Nd7 12. h5 Qa5 13. a3 b5 14. hxg6 hxg6 15. c3 Nb6 16. Nxf6+ 1-0

[Event "Titled Tuesday intern op 02nd May Late"]
[Site "Chess.com INT"]
[Date "2023.05.02"]
[Round "5"]
[White "Winkels, Marcel"]
[Black "Bryant, Todd C"]
[Result "0-1"]
[WhiteElo "1960"]
[BlackElo "2075"]
[PlyCount "70"]
[EventDate "2023.05.02"]
[EventType "swiss (blitz)"]
[EventRounds "11"]
[EventCountry "USA"]
[SourceTitle "EXT 2024"]
[Source "ChessBase"]
[SourceDate "2023.10.10"]
[SourceVersion "1"]
[SourceVersionDate "2023.10.10"]
[SourceQuality "1"]

1. d4 Nf6 2. Nc3 d5 3. Bf4 g6 4. e3 Bg7 5. h4 h5 6. Nf3 0-0 7. Ne5 c5 8. Be2 cxd4 9. exd4 Nc6 10. Qd2 Bf5 11. g4 hxg4 12. h5 Nb4 13. 0-0-0 Nxh5 14. Rxh5 gxh5 15. Bh6 e6 16. Bxg7 Kxg7 17. Rh1 Bg6 18. f3 g3 19. f4 Qa5 20. a3 Nc6 21. Bxh5 Rh8 22. Bf3 Rxh1+ 23. Bxh1 Rh8 24. Bf3 Qb6 25. Nxg6 fxg6 26. Qe3 Qxd4 27. Qxe6 Qf6 28. Qd7+ Qe7 29. Qxe7+ Nxe7 30. Nxd5 Nxd5 31. Bxd5 b6 32. Kd2 Re8 33. Bf3 Kf6 34. c4 Kf5 35. Bc6 Re7 0-1

[Event "Titled Tuesday intern op 25th Apr Late"]
[Site "Chess.com INT"]
[Date "2023.04.25"]
[Round "11"]
[White "Kubatko, Ivan"]
[Black "Bryant, Todd C"]
[Result "1/2-1/2"]
[WhiteElo "2257"]
[BlackElo "2075"]
[PlyCount "234"]
[EventDate "2023.04.25"]
[EventType "swiss (blitz)"]
[EventRounds "11"]
[EventCountry "USA"]
[SourceTitle "EXT 2024"]
[Source "ChessBase"]
[SourceDate "2023.10.10"]
[SourceVersion "1"]
[SourceVersionDate "2023.10.10"]
[SourceQuality "1"]

1. e4 c5 2. c3 Nf6 3. e5 Nd5 4. g3 Qc7 5. Nf3 Nc6 6. d4 cxd4 7. cxd4 d6 8. Bg2 dxe5 9. dxe5 Nxe5 10. 0-0 Be6 11. Nxe5 Qxe5 12. Re1 Qd6 13. Qa4+ Bd7 14. Qb3 Bc6 15. Rd1 e6 16. Nc3 0-0-0 17. Nxd5 exd5 18. Bf4 Qb4 19. Qd3 Bd6 20. a3 Qb6 21. Qf5+ Kb8 22. Qxf7 Bxf4 23. Qxf4+ Qc7 24. Qd4 Rhf8 25. Rac1 Qf7 26. b4 Qf6 27. f4 Qxd4+ 28. Rxd4 Rfe8 29. Rcd1 Re2 30. Bxd5 Bxd5 31. Rxd5 Rc8 32. Rd8 Rxd8 33. Rxd8+ Kc7 34. Rd3 Ra2 35. h3 Kc6 36. g4 Kb5 37. f5 Kc4 38. Rf3 Kd4 39. Rf2 Rxa3 40. Kg2 Ke5 41. g5 Rc3 42. f6 gxf6 43. gxf6 Rc8 44. f7 Rf8 45. Kg3 Ke6 46. Kg4 Rxf7 47. Rc2 Rd7 48. Rc5 Rd4+ 49. Kg5 Rxb4 50. Rc7 a5 51. Rxh7 a4 52. Rh8 a3 53. Ra8 Rb5+ 54. Kg6 Rb3 55. h4 b5 56. h5 b4 57. h6 Rg3+ 58. Kh5 Kf5 59. Kh4 Rg1 60. Ra4 a2 61. Rxa2 Rh1+ 62. Kg3 Rxh6 63. Rb2 Rb6 64. Kf3 Ke5 65. Ke3 Kd5 66. Kd3 Kc5 67. Rb3 Rh6 68. Kc2 Rh2+ 69. Kb1 Kc4 70. Rg3 Rh1+ 71. Kb2 Rh2+ 72. Kb1 Rd2 73. Rh3 Rd4 74. Rg3 Rf4 75. Rh3 Rf2 76. Rg3 Kb5 77. Rh3 Ka4 78. Rg3 b3 79. Rg8 Rf1+ 80. Kb2 Rf2+ 81. Kb1 Rf3 82. Ra8+ Kb4 83. Rb8+ Kc3 84. Rc8+ Kd2 85. Rd8+ Kc3 86. Rc8+ Kb4 87. Rb8+ Kc4 88. Rc8+ Kd5 89. Rd8+ Kc5 90. Rc8+ Kb5 91. Rb8+ Kc6 92. Kb2 Rf2+ 93. Kxb3 Rf3+ 94. Kb2 Rf2+ 95. Kb1 Rf5 96. Rb2 Kd6 97. Rd2+ Ke6 98. Rb2 Kd6 99. Ka2 Ra5+ 100. Kb1 Rc5 101. Rc2 Rb5+ 102. Rb2 Re5 103. Rd2+ Kc6 104. Rc2+ Kb5 105. Rb2+ Kc4 106. Rc2+ Kb3 107. Rb2+ Kc3 108. Rc2+ Kd3 109. Rb2 Re1+ 110. Ka2 Re6 111. Rb3+ Kc4 112. Rb2 Ra6+ 113. Kb1 Kc3 114. Rc2+ Kd3 115. Rb2 Rh6 116. Rb8 Rh1+ 117. Kb2 Rh2+ 1/2-1/2

[Event "Titled Tuesday intern op 20th Dec Late"]
[Site "Chess.com INT"]
[Date "2022.12.20"]
[Round "4"]
[White "Bryant, Todd C"]
[Black "Ronka, Erik"]
[Result "0-1"]
[WhiteElo "2087"]
[BlackElo "2253"]
[PlyCount "92"]
[EventDate "2022.12.20"]
[EventType "swiss (blitz)"]
[EventRounds "11"]
[EventCountry "USA"]
[SourceTitle "EXT 2024"]
[Source "ChessBase"]
[SourceDate "2023.10.10"]
[SourceVersion "1"]
[SourceVersionDate "2023.10.10"]
[SourceQuality "1"]

1. e4 g6 2. d4 Bg7 3. Nc3 c6 4. Be3 d5 5. e5 f6 6. f4 Nh6 7. Qd2 Ng4 8. 0-0-0 Nxe3 9. Qxe3 0-0 10. h4 fxe5 11. fxe5 Bg4 12. Be2 Bxe2 13. Ncxe2 e6 14. Nf3 Nd7 15. h5 Qe7 16. hxg6 hxg6 17. Ng5 Rf5 18. Nh3 c5 19. c3 Rc8 20. Kb1 cxd4 21. cxd4 Nb6 22. g4 Nc4 23. Qc1 Na3+ 24. bxa3 Rxc1+ 25. Rxc1 Rf8 26. Nhf4 Qe8 27. g5 Rf5 28. Rh3 Rxg5 29. Rch1 Rf5 30. Ka1 g5 31. Nh5 Qb5 32. Nc3 Qc4 33. Nxg7 Kxg7 34. Rh7+ Kf8 35. R7h3 Rf7 36. Rd1 g4 37. Rhd3 b5 38. Kb2 a5 39. Rg3 b4 40. axb4 axb4 41. Nb1 Rf2+ 42. Rd2 Rxd2+ 43. Nxd2 Qxd4+ 44. Kc1 Qa1+ 45. Kc2 Qxa2+ 46. Kd3 Qa3+ 0-1